| 000 | 00569nam a2200241Ia 4500 | ||
|---|---|---|---|
| 008 | 170203s9999 xx 000 0 und d | ||
| 020 | _a9781846967078 | ||
| 050 | _a323.631 | ||
| 050 | _b.R777a 2008 | ||
| 100 | _aRooney, Anne. | ||
| 245 | _aAlien Abduction / | ||
| 245 | _cAnne Rooney. | ||
| 260 | _aGreat Britain : | ||
| 260 | _bTick Tock Media Ltd. | ||
| 260 | _c2008 | ||
| 300 | _a32 pages : | ||
| 300 | _bcol. ill. ; | ||
| 300 | _c29 cm. | ||
| 440 | _aClash. | ||
| 500 | _aincludes index. | ||
| 650 | _aAlien. | ||
| 650 | _xJuvenile literature. | ||
| 999 |
_c305512 _d305512 |
||